<?xml version="1.0" encoding="UTF-8"?>
<record
    xmlns:xsi="http://www.w3.org/2001/XMLSchema-instance"
    xsi:schemaLocation="http://www.loc.gov/MARC21/slim http://www.loc.gov/standards/marcxml/schema/MARC21slim.xsd"
    xmlns="http://www.loc.gov/MARC21/slim">

  <leader>01590nam a22003017i 4500</leader>
  <datafield tag="999" ind1=" " ind2=" ">
    <subfield code="c">175380</subfield>
    <subfield code="d">175380</subfield>
  </datafield>
  <controlfield tag="003">PPAK</controlfield>
  <controlfield tag="005">20191210145212.0</controlfield>
  <controlfield tag="008">191210t20192018my     e     a000 j mayod</controlfield>
  <datafield tag="020" ind1=" " ind2=" ">
    <subfield code="a">9789672210177</subfield>
    <subfield code="c">RM36.00</subfield>
    <subfield code="q">paperback</subfield>
  </datafield>
  <datafield tag="040" ind1=" " ind2=" ">
    <subfield code="a">PPAK</subfield>
    <subfield code="b">eng</subfield>
    <subfield code="c">PPAK</subfield>
    <subfield code="e">rda</subfield>
  </datafield>
  <datafield tag="082" ind1="0" ind2="4">
    <subfield code="2">23</subfield>
    <subfield code="a">899.233010803</subfield>
  </datafield>
  <datafield tag="090" ind1="0" ind2="0">
    <subfield code="a">899.233010803</subfield>
    <subfield code="b">ANT</subfield>
    <subfield code="d">G</subfield>
  </datafield>
  <datafield tag="245" ind1="0" ind2="0">
    <subfield code="a">Antologi Cerpen Himpunan Karya Penulis Baharu :</subfield>
    <subfield code="b">Ketika Samudera Kupintal /</subfield>
    <subfield code="c">Editor : Bainah Mustafa, Che Mas Saud</subfield>
  </datafield>
  <datafield tag="246" ind1="3" ind2="0">
    <subfield code="a">Ketika samudera kupintal</subfield>
  </datafield>
  <datafield tag="264" ind1=" " ind2="1">
    <subfield code="a">Sintok, Kedah : </subfield>
    <subfield code="b">UUM Press, Universiti Utara Malaysia, </subfield>
    <subfield code="c">2019</subfield>
  </datafield>
  <datafield tag="264" ind1=" " ind2="4">
    <subfield code="c">&#xA9;2018</subfield>
  </datafield>
  <datafield tag="300" ind1=" " ind2=" ">
    <subfield code="a">xv, 252 pages :</subfield>
    <subfield code="c">20 cm</subfield>
  </datafield>
  <datafield tag="336" ind1=" " ind2=" ">
    <subfield code="2">rdacontent</subfield>
    <subfield code="a">text</subfield>
  </datafield>
  <datafield tag="337" ind1=" " ind2=" ">
    <subfield code="2">rdamedia</subfield>
    <subfield code="a">unmediated</subfield>
  </datafield>
  <datafield tag="338" ind1=" " ind2=" ">
    <subfield code="2">rdacarrier</subfield>
    <subfield code="a">volume</subfield>
  </datafield>
  <datafield tag="520" ind1=" " ind2=" ">
    <subfield code="a">Antologi Cerpen Himpunan Karya Penulis Baharu: Ketika Samudera Kupintal merupakan hidangan himpunan cerpen yang ditulis oleh penulis-penulis baharu yang pertama kali menceburi bidang penulisan kreatif selepas mengikuti kursus Bengkel

Penulisan Cerpen anjuran UUM Press dengan kerjasama Institut Pendidikan Guru Kampus Darul Aman fasa kedua. Tema Ketika Samudera Kupintal dipilih untuk mengajak masyarakat hari ini meninjau dan menoleh ke arah segolongan masyarakat laut yang masih dihimpit kemiskinan. Namun mereka tetap gigih mencari rezeki halal dan mengejar cita-cita dengan cara dan gaya mereka tersendiri.</subfield>
  </datafield>
  <datafield tag="650" ind1="1" ind2="0">
    <subfield code="a">Short stories, Malay</subfield>
  </datafield>
  <datafield tag="650" ind1="2" ind2="0">
    <subfield code="a">Malay fiction</subfield>
  </datafield>
  <datafield tag="650" ind1="2" ind2="0">
    <subfield code="a">Government publications</subfield>
    <subfield code="z">Malaysia</subfield>
  </datafield>
  <datafield tag="700" ind1="0" ind2=" ">
    <subfield code="a">Bainah Mustafa,</subfield>
    <subfield code="e">editor.</subfield>
  </datafield>
  <datafield tag="700" ind1="0" ind2=" ">
    <subfield code="a">Che Mas Saud,</subfield>
    <subfield code="d">1966-</subfield>
    <subfield code="e">editor.</subfield>
  </datafield>
  <datafield tag="942" ind1=" " ind2=" ">
    <subfield code="2">ddc</subfield>
    <subfield code="c">B</subfield>
  </datafield>
  <datafield tag="952" ind1=" " ind2=" ">
    <subfield code="0">0</subfield>
    <subfield code="7">0</subfield>
    <subfield code="b">PPAK</subfield>
    <subfield code="c">G</subfield>
    <subfield code="d">2019-12-24</subfield>
    <subfield code="l">2</subfield>
    <subfield code="o">899.233010803 ANT</subfield>
    <subfield code="p">A01623900</subfield>
    <subfield code="r">2025-03-22 10:11:36</subfield>
    <subfield code="s">2025-03-20</subfield>
    <subfield code="y">B</subfield>
  </datafield>
  <datafield tag="952" ind1=" " ind2=" ">
    <subfield code="0">0</subfield>
    <subfield code="7">0</subfield>
    <subfield code="b">SP</subfield>
    <subfield code="c">G</subfield>
    <subfield code="d">2019-12-24</subfield>
    <subfield code="o">899.233010803 ANT</subfield>
    <subfield code="p">A01623901</subfield>
    <subfield code="r">2019-12-24 00:00:00</subfield>
    <subfield code="y">B</subfield>
  </datafield>
  <datafield tag="952" ind1=" " ind2=" ">
    <subfield code="0">0</subfield>
    <subfield code="7">0</subfield>
    <subfield code="b">JT</subfield>
    <subfield code="c">G</subfield>
    <subfield code="d">2019-12-24</subfield>
    <subfield code="l">1</subfield>
    <subfield code="o">899.233010803 ANT</subfield>
    <subfield code="p">A01623902</subfield>
    <subfield code="r">2023-10-30 14:23:39</subfield>
    <subfield code="s">2023-10-07</subfield>
    <subfield code="y">B</subfield>
  </datafield>
  <datafield tag="952" ind1=" " ind2=" ">
    <subfield code="0">0</subfield>
    <subfield code="7">0</subfield>
    <subfield code="b">LW</subfield>
    <subfield code="c">G</subfield>
    <subfield code="d">2019-12-24</subfield>
    <subfield code="o">899.233010803 ANT</subfield>
    <subfield code="p">A01623903</subfield>
    <subfield code="r">2019-12-24 00:00:00</subfield>
    <subfield code="y">B</subfield>
  </datafield>
  <datafield tag="952" ind1=" " ind2=" ">
    <subfield code="0">0</subfield>
    <subfield code="7">0</subfield>
    <subfield code="b">KM</subfield>
    <subfield code="c">G</subfield>
    <subfield code="d">2019-12-24</subfield>
    <subfield code="o">899.233010803 ANT</subfield>
    <subfield code="p">A01623904</subfield>
    <subfield code="r">2019-12-24 00:00:00</subfield>
    <subfield code="y">B</subfield>
  </datafield>
  <datafield tag="952" ind1=" " ind2=" ">
    <subfield code="0">0</subfield>
    <subfield code="7">0</subfield>
    <subfield code="b">BL</subfield>
    <subfield code="c">G</subfield>
    <subfield code="d">2019-12-24</subfield>
    <subfield code="l">1</subfield>
    <subfield code="m">1</subfield>
    <subfield code="o">899.233010803 ANT</subfield>
    <subfield code="p">A01623905</subfield>
    <subfield code="r">2021-02-21 00:00:00</subfield>
    <subfield code="s">2020-12-30</subfield>
    <subfield code="y">B</subfield>
  </datafield>
  <datafield tag="952" ind1=" " ind2=" ">
    <subfield code="0">0</subfield>
    <subfield code="7">0</subfield>
    <subfield code="b">BB</subfield>
    <subfield code="c">G</subfield>
    <subfield code="d">2019-12-24</subfield>
    <subfield code="o">899.233010803 ANT</subfield>
    <subfield code="p">A01623906</subfield>
    <subfield code="r">2019-12-24 00:00:00</subfield>
    <subfield code="y">B</subfield>
  </datafield>
</record>
